01109 2200277 4500001002100000005001500021035002000036007000300056008004100059020002200100082001000122084001900132100002800151245011700179250002500296300003800321650002500359264004400384336002100428337003000449338002300479504002800502520026900530990001600799990001600815INLIS00000000004399720220120051315 a0010-0122000081ta220120 g 0 ind  a978-602-1634-44-8 a959.8 aSR 959.8 ADY k0 aAdy Setyawanepengarang1 aKronik pertempuran Surabaya :bmedia asing dan historiografi Indonesia /cAdy Setyawan; penyunting, Tim Matapadi aCetakan pertama 2020 a396 halaman :bilustrasi ;c21 cm 4aIndonesia -- Sejarah aYogyakarta :bMatapadi Pressindo,c2020 2rdacontentateks 2rdamediaatanpa perantara 2rdacarrieravolume aBibliografi halaman 387 aAdy Setyawan memetakan pecahnya peperangan besar di Surabaya. Ini adalah buku yang memprovokasi pikiran, mampu mendorong pembaca membuat penilaian sendiri, dengan demikian turut pula menjaga semangat revolusi. sebuah buku yang menjaga sejarah Pertempuran Surabaya. a49033.61853 a49033.61853